LEADER 01238nam a2200289 i 4500 001 000000184070 003 CaOOAMICUS 005 20091215000000.0 008 091215s2005 it u000 u ita u 013 $a162045 020 $a88-307-1376-7 040 $aSeMil$bita 100 1 $aVantini, Giovanni.$0(OLS)http://semarc/name/67677 245 13$aLa missione del cuore :$bi comboniani in Sudan nel ventesimo secolo /$cGiovanni Vantini. 260 $aBologna :$bEditrice Missionaria Italiana,$c2005. 300 $a990 p. ;$c21 cm. 490 0 $aLa missione. Sez. Storica 490 0 $aLa missione 650 4$aMissionari Comboniani - Sudan - Sec. 20.$0(OLS)http://semarc/subject/34775 830 3$aLa missione. Sez. Storica.$0(OLS)http://semarc/title/9252 830 3$aLa missione.$0(OLS)http://semarc/title/7811 850 $aSeMil 852 $aSeMil$W1$xVenegono$y1$m3E V 37$j134766$B134766$CSeMilBibl$Z2$F148492 $81 961 $aOmaggio: Altro 996 $6020$a88-307-1376-7$9(OLS)http://semarc/number/173958 996 $6245$aLa missione del cuore :$bi comboniani in Sudan nel ventesimo secolo$9(OLS)http://semarc/title/264188 996 $6260$aBologna :$bEditrice Missionaria Italiana$9(OLS)http://semarc/publisher/32722 LEADER 01035nam a2200241 i 4500 001 000000194718 003 CaOOAMICUS 005 20161114000000.0 008 161114s1954 it u000 u fre u 013 $a173377 040 $aSeMil$bita 100 1 $aBruhat, Jean.$0(OLS)http://semarc/name/70742 245 10$aHistoire de l'U.R.S.S. /$cpar Jean Bruhat Agrégé de l'Université. 260 $aParis :$bPresses Universitaires de France,$c1954 (copyr. 1945) 300 $a136 p. ;$c18 cm. 490 0 $aQue sais-je? : le point des connaissances actuelles 650 4$aUnione sovietica - Storia.$0(OLS)http://semarc/subject/6759 830 0$aQue sais-je?.$0(OLS)http://semarc/title/19846 850 $aSeMil 852 $aSeMil$W1$xVenegono$y1$m3W I 12$j145289$B145289$CSeMilBibl$Z2$F217002 $81 961 $aOmaggio: Grampa dott. Cesare 996 $6245$aHistoire de l'U.R.S.S.$9(OLS)http://semarc/title/280811 996 $6260$aParis :$bPresses Universitaires de France$9(OLS)http://semarc/publisher/30047